| 000 -LEADER |
| fixed length control field |
00939nam a22001817a 4500 |
| 005 - DATE AND TIME OF LATEST TRANSACTION |
| control field |
20240109145500.0 |
| 008 - FIXED-LENGTH DATA ELEMENTS--GENERAL INFORMATION |
| fixed length control field |
240109s1989 ru ||||| |||| 00| 0 rus d |
| 041 ## - LANGUAGE CODE |
| Language code of text/sound track or separate title |
rus |
| 080 ## - UNIVERSAL DECIMAL CLASSIFICATION NUMBER |
| Universal Decimal Classification number |
94(479.22)(091) O-23 |
| 245 ## - TITLE STATEMENT |
| Title |
Обращение Грузии / |
| Statement of responsibility, etc. |
[АН СССР, Комис. по источникам истории Грузии]; Пер. с древнегруз. Е.С. Такайшвили; Ред. обраб., исслед. и коммент. М.С. Чхартишвили. |
| 264 ## - PRODUCTION, PUBLICATION, DISTRIBUTION, MANUFACTURE, AND COPYRIGHT NOTICE |
| Place of production, publication, distribution, manufacture |
Тбилиси : |
| Name of producer, publisher, distributor, manufacturer |
Мецниереба, |
| Date of production, publication, distribution, manufacture, or copyright notice |
1989. |
| 300 ## - PHYSICAL DESCRIPTION |
| Extent |
77 c.; |
| Other physical details |
22 см. |
| 653 ## - INDEX TERM--UNCONTROLLED |
| keyword |
ისტორია |
| 653 ## - INDEX TERM--UNCONTROLLED |
| keyword |
ქართული ისტორიული ლიტერატურის ძეგლები |
| 700 ## - ADDED ENTRY--PERSONAL NAME |
| Personal name |
Такайшвили, Е.С. |
| Relator term |
მთარგმნელი |
| 9 (RLIN) |
20989 |
| 700 ## - ADDED ENTRY--PERSONAL NAME |
| Personal name |
Чхартишвили, М.С. |
| Relator term |
რედაქტორი |
| 9 (RLIN) |
20990 |
| 942 ## - ADDED ENTRY ELEMENTS (KOHA) |
| Source of classification or shelving scheme |
|
| Koha item type |
წიგნი |